Statistics for Old Brand Logos Quiz #2

Click here to take the quiz!

General Stats

  • This quiz has been taken 4,880 times
  • The average score is 9 of 20

Answer Stats

Brand% Correct
Pepsi
97%
Apple
96%
McDonald's
93%
Microsoft Windows
87%
Taco Bell
82%
Cartoon Network
76%
BBC
60%
Nissan
56%
Xerox
54%
Starbucks
49%
Fiat
43%
Castrol
34%
FedEx
28%
Dunkin' Donuts
25%
British Petroleum
20%
Mazda
16%
Warner Bros.
16%
Sony
7%
Nokia
6%
Siemens
4%

Score Distribution

Percentile by Number Answered

Percent of People with Each Score

Your Score History

You have not taken this quiz